书目信息 |
| 题名: |
《资本论》学习纲要
|
|
| 作者: | 王天义 著 | |
| 分册: | ||
| 出版信息: | 北京 中国经济出版社 2021.08 |
|
| 页数: | 347页 | |
| 开本: | 24cm | |
| 丛书名: | ||
| 单 册: | ||
| 中图分类: | A811.23 | |
| 科图分类: | ||
| 主题词: | ||
| 电子资源: | ||
| ISBN: | 978-7-5136-6567-4 | |
| 000 | 01028nam0 2200265 450 | |
| 001 | 29332 | |
| 005 | 20221017135133.57 | |
| 010 | @a978-7-5136-6567-4@dCNY88.00 | |
| 100 | @a20210926d2021 em y0chiy50 ea | |
| 101 | 0 | @achi |
| 102 | @aCN@b110000 | |
| 105 | @ay a 000yy | |
| 200 | 1 | @a《资本论》学习纲要@A《 zi ben lun 》 xue xi gang yao@f王天义著 |
| 205 | @a修订版 | |
| 210 | @a北京@c中国经济出版社@d2021.08 | |
| 215 | @a347页@d24cm | |
| 314 | @a王天义, 河南郑州人, 经济学博士后。 | |
| 320 | @a有书目 (第343-347页) | |
| 330 | @a本书内容大致分为三个部分: 第一部分是导论, 主要介绍马克思写作《资本论》的背景, 《资本论》的研究对象、方法和整体结构。第二部分是主体, 主要是按照《资本论》一、二、三卷的顺序, 分10个专题论述《资本论》的基本原理。第三部分是附录, 主要是对马克思《〈政治经济学批判〉导言》进行解读。 | |
| 605 | @a资本论@Azi ben lun@x马克思著作研究 | |
| 690 | @aA811.23@v5 | |
| 701 | 0 | @a王天义@Awang tian yi@4著 |
| 801 | 0 | @aCN@c20220910 |
| 905 | @a河南城建学院图书馆@dA811.23@eW360@f2 | |
| 962 | @a7246768 | |
| 《资本论》学习纲要/王天义著.-修订版.-北京:中国经济出版社,2021.08 |
| 347页;24cm |
| ISBN 978-7-5136-6567-4:CNY88.00 |
| 本书内容大致分为三个部分: 第一部分是导论, 主要介绍马克思写作《资本论》的背景, 《资本论》的研究对象、方法和整体结构。第二部分是主体, 主要是按照《资本论》一、二、三卷的顺序, 分10个专题论述《资本论》的基本原理。第三部分是附录, 主要是对马克思《〈政治经济学批判〉导言》进行解读。 |
| ● |
| 相关链接 |
|
|
|
正题名:《资本论》学习纲要
索取号:A811.23/W360
 
预约/预借
| 序号 | 登录号 | 条形码 | 馆藏地/架位号 | 状态 | 备注 |
| 1 | 1582843 | 215828433 | 社科库509/509社科库 4排1列6层/ [索取号:A811.23/W360] | 在馆 | |
| 2 | 1582844 | 215828442 | 社科库509/509社科库 4排1列6层/ [索取号:A811.23/W360] | 在馆 |